Southville International School and Colleges
Your cart is empty.
  • Cart
  • Lists
    Public lists list_1 View all
    Your lists Log in to create your own lists
  • Log in to your account
  • Your cookies
  • Search history
Southville International School and Colleges
  • Advanced search
  • Recent comments
  • Most popular
  • Libraries

Log in to your account

Log in with GOOGLE


If you do not have an external account, but do have a local account, you can still log in:

  1. Home
  2. MARC view: Nuevo ven :
Normal view MARC view ISBD view

Nuevo ven : (Record no. 109731)

[ view plain ]
MARC details
000 -LEADER
fixed length control field 00403nam a2200169 a 4500
005 - DATE AND TIME OF LATEST TRANSACTION
control field 20140414093848.0
008 - FIXED-LENGTH DATA ELEMENTS--GENERAL INFORMATION
fixed length control field 110321s19uu xx 00 eng d
020 ## - INTERNATIONAL STANDARD BOOK NUMBER
International Standard Book Number 9788477118428
050 ## - LIBRARY OF CONGRESS CALL NUMBER
Classification number CD 460
Item number Es6 2009
100 ## - MAIN ENTRY--PERSONAL NAME
Personal name Castro, F.
245 #0 - TITLE STATEMENT
Title Nuevo ven :
Remainder of title libro del alumno 2 CD1.
260 ## - PUBLICATION, DISTRIBUTION, ETC. (IMPRINT)
Date of publication, distribution, etc 2009.
650 ## - SUBJECT ADDED ENTRY--TOPICAL TERM
Topical term or geographic name as entry element Spanish language
942 ## - ADDED ENTRY ELEMENTS (KOHA)
Koha item type Audio Visual Materials
Holdings
Withdrawn status Lost status Damaged status Home library Current library Shelving location Date acquired Source of acquisition Total Checkouts Full call number Barcode Date last seen Price effective from Koha item type
      Luxembourg Library Luxembourg Library Audio Visual Material Section 03/21/2011     CD 460 Es6 2009 AV1400 04/14/2014 04/14/2014 Audio Visual Materials
      Luxembourg Library Luxembourg Library Audio Visual Material Section 04/24/2012     CD 460 Es6 2009 AV1483 04/14/2014 04/14/2014 Audio Visual Materials

Nuevo ven :

APA

Castro F., . (2009). Nuevo ven. : .

Chicago

Castro F, . 2009. Nuevo ven. : .

Harvard

Castro F., . (2009). Nuevo ven. : .

MLA

Castro F, . Nuevo ven. : . 2009.

  • Place hold
  • Print
  • Cite
  • Add to your cart (remove)
  • Save record
    BIBTEX Dublin Core MARCXML MARC (non-Unicode/MARC-8) MARC (Unicode/UTF-8) MARC (Unicode/UTF-8, Standard) MODS (XML) RIS
  • More searches
    Search for this title in:
    Other Libraries (WorldCat) Other Databases (Google Scholar) Online Stores (Bookfinder.com) Open Library (openlibrary.org)

Exporting to Dublin Core...

SOUTHVILLE LIBRARY

Southville International School and Colleges Library

1281 Tropical Ave. Cor. Luxembourg St., BF Homes International, Las Pinas City

Tel. No. 8256374 / 252358 Loc. 117/146

Powered by Koha